00384nam a2200145Ia 4500008004100000020001500041041001200056082001100068100001500079245006600094260003800160300000900198650001400207700001700221221030s9999 xx 000 0 und d a8188477222 aEnglish a105.23 aM. K. Jain 2aA Text Book of Organic Chemistrycby M. K. Jain, S. C. Sharma bShoban Lal NaginaJalandharc2010 a1312 aChemistry aS. C. Sharma